L'Allemagne de l'Est en images - Statistiques

Statistiques générales
  • Ce quiz a été pris 27 fois
  • Le résultat moyen est 7 sur 18
Statistiques - réponses
Par images Hint Réponse % Correct
Construction Mur de Berlin
92%
Pays Union Soviétique
88%
Idéologie Communisme
84%
Film Good Bye, Lenin!
76%
Service de renseignement Stasi
72%
Dirigeant Erich Honecker
56%
Voiture Trabant 601
52%
Produit Cornichons du Spreewald
40%
Chanteuse Nina Hagen
36%
Dirigeant Walter Ulbricht
28%
Monument Fernsehturm
24%
Symboles Ampelmännchen
20%
Monument Palais de la République
16%
Mouvement de jeunesse FDJ
12%
Foire biannuelle Foire de Leipzig
8%
Évenement Insurrection de juin 1953
0%
Tour Jentower
0%
Sportive Marita Koch
0%
Aucun quiz correspondant
Distribution des résultats
% des personnes avec chaque résultat
Percentile par nombre de réponses
Votre historique - résultats
Vous n’avez pas pris ce quiz